| 000 | 00399nam a2200157Ia 4500 | ||
|---|---|---|---|
| 008 | 230711s9999||||xx |||||||||||||| ||und|| | ||
| 041 | _aENG | ||
| 082 |
_a621 _bMU-B |
||
| 100 | _aMurthy,K.V.V. | ||
| 245 | 0 | _aBasic circuit analysis | |
| 250 | _a2nd . Ed. | ||
| 260 |
_c1989 _aNew Delhi _bTata McGraw Hill Education Limited |
||
| 650 | _aElectrical Engineering | ||
| 700 | _aKamath,M.S. | ||
| 942 | _cBK | ||
| 999 |
_c677 _d677 |
||